| 000 | 00644nam a2200193 i 4500 | ||
|---|---|---|---|
| 001 | 26905 | ||
| 003 | ES-MaACL | ||
| 005 | 20230906153525.0 | ||
| 007 | t| | ||
| 008 | 030113s1969 sp ||||1| spa d | ||
| 245 | 0 | 0 |
_aAteismo / _cAlbert H. van den Heuvel... [et al.] ; [traducidos por Cecilio Sánchez Gil... Manuel Jiménez... José Rioja Gómez]. |
| 260 |
_a[Madrid] : _bTaurus, _c[1969] |
||
| 300 |
_a237 p. ; _c18 cm. |
||
| 700 | 1 |
_aHeuvel, Albert H. van den. _963497 |
|
| 700 | 1 |
_aSánchez Gil, Cecilio. _9102671 |
|
| 700 | 1 |
_aJiménez, Manuel. _966426 |
|
| 700 | 1 |
_aRioja Gómez, José. _997349 |
|
| 852 |
_aES-MaACL _jC-52275 _bR.71646 |
||
| 999 |
_c26905 _d26905 |
||